El IVA en los fideicomisos de construcción (Registro nro. 20060)

Detalles MARC
000 -LEADER
fixed length control field 00351 a2200121 4500
001 - CONTROL NUMBER
control field ART_42394
005 - DATE AND TIME OF LATEST TRANSACTION
control field 20260410161755.0
008 - FIXED-LENGTH DATA ELEMENTS--GENERAL INFORMATION
fixed length control field 260409a
100 1# - MAIN ENTRY--PERSONAL NAME
Personal name Reynoso, Julio C.
245 10 - TITLE STATEMENT
Title El IVA en los fideicomisos de construcción
700 1# - ADDED ENTRY--PERSONAL NAME
Personal name Stok, Leandro
773 0# - HOST ITEM ENTRY
Title Doctrina tributaria
Related parts - Nº 365 (ago. 2010)
Record control number REV4296

No hay ítems disponibles.